Social philosophy of Sri Aurobindo (Record no. 153593)

MARC details
000 -LEADER
fixed length control field 00657nam a2200241Ia 4500
003 - CONTROL NUMBER IDENTIFIER
control field OSt
005 - DATE AND TIME OF LATEST TRANSACTION
control field 20220918174529.0
008 - FIXED-LENGTH DATA ELEMENTS--GENERAL INFORMATION
fixed length control field 220917b |||||||| |||| 00| 0 eng d
037 ## - SOURCE OF ACQUISITION
Terms of availability Textual
040 ## - CATALOGING SOURCE
Original cataloging agency ARTS
Transcribing agency ARTS
Language of cataloging eng
041 ## - LANGUAGE CODE
Source of code eng
Language code of text/sound track or separate title eng
100 ## - MAIN ENTRY--PERSONAL NAME
Personal name Sharma Ram Nath
9 (RLIN) 26737
245 #0 - TITLE STATEMENT
Title Social philosophy of Sri Aurobindo
260 ## - PUBLICATION, DISTRIBUTION, ETC.
Place of publication, distribution, etc. Delhi
Name of publisher, distributor, etc. Vineet Pub
Date of publication, distribution, etc. 1980
300 ## - PHYSICAL DESCRIPTION
Extent xiv,230p. Biboliography
Dimensions cm.
650 ## - SUBJECT ADDED ENTRY--TOPICAL TERM
Topical term or geographic name entry element SPIRITUALISM
942 ## - ADDED ENTRY ELEMENTS (KOHA)
Classification part /\2y7M72:g(R), M0
Koha item type Textual
Source of classification or shelving scheme Colon Classification (CC)
Holdings
Withdrawn status Lost status Damaged status Not for loan Home library Current library Date acquired Total Checkouts Full call number Barcode Date last seen Price effective from Koha item type
        Arts Library Arts Library 2022-09-18   /\2y7M72:g(R) M0 AL0705051 2022-09-18 2022-09-18 Textual
Copyright @ Delhi University Library System